[Event "Mecklenburg VP LL1 0607"]
[Site "Mecklenburg VP"]
[Date "2007.04.01"]
[Round "8.7"]
[White "Kupfer, Wilfried"]
[Black "Zapnik, Gordon"]
[Result "0-1"]
[WhiteElo "1378"]
[BlackElo "1593"]
[PlyCount "49"]
[EventDate "2006.10.15"]
[EventType "team-tourn"]
[EventRounds "9"]
[EventCountry "GER"]
[SourceTitle "EXT 2008"]
[Source "ChessBase"]
[SourceDate "2007.11.25"]
[SourceVersion "1"]
[SourceVersionDate "2007.11.25"]
[SourceQuality "1"]
[WhiteTeam "Rostock PSV III"]
[BlackTeam "Saal Waterkant"]
[WhiteTeamCountry "GER"]
[BlackTeamCountry "GER"]

1. f4 Nc6 2. Nf3 g6 3. e3 Bg7 4. Bc4 e5 5. fxe5 Nxe5 6. Bb3 d5 7. 0-0 Bg4 8. Nc3 Nxf3+ 9. Rxf3 Bxf3 10. Qxf3 c6 11. Nxd5 cxd5 12. Bxd5 Qf6 13. Qe4+ Ne7 14. Bxb7 Rb8 15. Qa4+ Kf8 16. Qxa7 Qd6 17. Bf3 Be5 18. d4 Bxh2+ 19. Kf1 Kg7 20. b3 Nf5 21. Bb2 Nxe3+ 22. Kf2 Rhe8 23. d5+ Kg8 24. Rh1 Qg3+ 25. Ke2 0-1

[Event "Mecklenburg VP LL1 0607"]
[Site "Mecklenburg VP"]
[Date "2006.10.15"]
[Round "1.8"]
[White "Kupfer, Wilfried"]
[Black "Hoerhold, Martin"]
[Result "0-1"]
[WhiteElo "1378"]
[BlackElo "1595"]
[PlyCount "42"]
[EventDate "2006.10.15"]
[EventType "team-tourn"]
[EventRounds "9"]
[EventCountry "GER"]
[SourceTitle "EXT 2008"]
[Source "ChessBase"]
[SourceDate "2007.11.25"]
[SourceVersion "1"]
[SourceVersionDate "2007.11.25"]
[SourceQuality "1"]
[WhiteTeam "Rostock PSV III"]
[BlackTeam "Neubrandenburg SG Eintracht II"]
[WhiteTeamCountry "GER"]
[BlackTeamCountry "GER"]

1. f4 d6 2. Nf3 Nf6 3. e3 g6 4. Bb5+ c6 5. Be2 Bg7 6. d3 0-0 7. 0-0 Qb6 8. c3 Nd5 9. d4 Nd7 10. c4 N5f6 11. Nc3 Re8 12. Na4 Qc7 13. Bd3 e5 14. fxe5 dxe5 15. e4 exd4 16. Nxd4 Nxe4 17. Bxe4 Rxe4 18. Nf3 Nf6 19. b3 Ng4 20. Rb1 Bf5 21. Nc5 Bd4+ 0-1